LEADER 00802nam0-22002891i-450- 001 990000688250403321 005 20001010 035 $a000068825 035 $aFED01000068825 035 $a(Aleph)000068825FED01 035 $a000068825 100 $a20001010d--------km-y0itay50------ba 101 0 $aita 105 $ay-------001yy 200 1 $aROMANIA$f[Edizione italiana a cura di Francesca Di Giacomo]. 210 $aFirenze$cValmartina Editore$d1989. 215 $a235 p., [2] c. di tav.$d22 cm 225 1 $aGuide turistiche Fodor's Valmartina 702 1$aDi Giacomo,$bFrancesca 801 0$aIT$bUNINA$gRICA$2UNIMARC 901 $aBK 912 $a990000688250403321 952 $a01 G III 20$b01562$fDINST 959 $aDINST 996 $aRomania$9298891 997 $aUNINA DB $aING01 LEADER 02701oas 22009253a 450 001 9910144095103321 005 20250617213021.0 011 $a2168-460X 035 $a(OCoLC)60618229 035 $a(CONSER) 2012203316 035 $a(CKB)991042728213034 035 $a(EXLCZ)99991042728213034 100 $a20050614a20039999 sy a 101 0 $aeng 135 $aurun||||||||| 181 $ctxt$2rdacontent 182 $cc$2rdamedia 183 $acr$2rdacarrier 200 10$aAddiction professional 210 $aProvidence, R.I. $cManisses Communications Group 210 3 $aNew York, NY $cVendome Group, LLC 311 08$a1542-8435 606 $aAlcoholism$xTreatment$vPeriodicals 606 $aAlcoholism$xPrevention$vPeriodicals 606 $aSubstance abuse$xTreatment$vPeriodicals 606 $aSubstance-Related Disorders$xprevention & control 606 $aAlcohol-Related Disorders$xprevention & control 606 $aAlcoolisme$xTraitement$vPe?riodiques 606 $aAlcoolisme$xPre?vention$vPe?riodiques 606 $aAbus de substances psychoactives$xTraitement$vPe?riodiques 606 $aAlcoholism$xPrevention$2fast$3(OCoLC)fst00804503 606 $aAlcoholism$xTreatment$2fast$3(OCoLC)fst00804565 606 $aSubstance abuse$xTreatment$2fast$3(OCoLC)fst01136830 608 $aPeriodicals.$2fast 615 0$aAlcoholism$xTreatment 615 0$aAlcoholism$xPrevention 615 0$aSubstance abuse$xTreatment 615 12$aSubstance-Related Disorders$xprevention & control. 615 22$aAlcohol-Related Disorders$xprevention & control. 615 6$aAlcoolisme$xTraitement 615 6$aAlcoolisme$xPre?vention 615 6$aAbus de substances psychoactives$xTraitement 615 7$aAlcoholism$xPrevention. 615 7$aAlcoholism$xTreatment. 615 7$aSubstance abuse$xTreatment. 676 $a362 676 $a362.29 712 02$aNational Association of Alcoholism and Drug Abuse Counselors (U.S.) 801 0$bOCLCS 801 1$bOCLCS 801 2$bCO3 801 2$bOCLCQ 801 2$bDLC 801 2$bOCLCQ 801 2$bOCLCF 801 2$bOCLCO 801 2$bOCLCQ 801 2$bOCLCO 801 2$bOCLCQ 801 2$bWY@ 801 2$bU3W 801 2$bOCLCO 801 2$bREB 801 2$bOCLCO 801 2$bAU@ 801 2$bOCLCO 801 2$bWYU 801 2$bOCLCO 801 2$bOCLCA 801 2$bVT2 801 2$bOCLCO 801 2$bOCLCA 801 2$bOCLCQ 801 2$bIOY 801 2$bUEJ 801 2$bOCLCL 906 $aJOURNAL 912 $a9910144095103321 996 $aAddiction professional$92180831 997 $aUNINA